| 000 | 00567cam a2200145ua 4500 | ||
|---|---|---|---|
| 041 |
_aeng _h |
||
| 082 |
_a947 _bNOV/US |
||
| 110 | 1 |
_aNovosti press agency . _b _c() |
|
| 245 | _aUSSR questions and answers | ||
| 260 |
_a : _bNovostic press agency , _c1956. |
||
| 300 | _a510 ; . | ||
| 504 | _a | ||
| 942 | _cBK | ||
| 999 |
_c6280 _d6280 |
||